Historia argentina: desde los orígenes hasta 1830 /
Guardado en:
| Autor Principal: | |
|---|---|
| Formato: | Libro |
| Publicado: |
Buenos Aires :
Troqvel,1994.
|
| Materias: | |
| Etiquetas: |
Agregar Etiqueta
Sin Etiquetas, Sea el primero en etiquetar este registro!
|
| LEADER | 01403nam a22003255a 4500 | ||
|---|---|---|---|
| 001 | CEM.cems018559 | ||
| 005 | 20171002114543.0 | ||
| 008 | 130507b######################000#0#####d | ||
| 003 | CEMS | ||
| 020 | |a 9501662535 | ||
| 082 | 0 | 4 | |a 982.06 |
| 100 | 1 | |a Di Tella, Torcuato S | |
| 245 | 1 | 0 | |a Historia argentina: desde los orígenes hasta 1830 / |c Torcuato S. Di Tella |
| 260 | |a Buenos Aires : |b Troqvel,1994. | ||
| 300 | |a 348p. ; 20 cm. | ||
| 505 | 0 | |a Antecedentes - Primeras civilizaciones americanas - El imperio Incaico - Conquista de imperios: México y Perú - Colonización del Río de La Plata - Misiones jesuíticas - Siglo XVIII antes del Virreinato - Virreinato /1776-1810) - Revolución de Mayo - Campaña de San Martin a Chile - Experiencia Federal - San Martin, Rivadavia y Federalismo. | |
| 600 | 1 | 4 | |a 1. Di Tella, Torcuato |
| 653 | |a Antecedentes | ||
| 653 | |a Primeras civilizaciones americanas | ||
| 653 | |a El imperio incaico | ||
| 653 | |a Conquista de imperios: méxico y perú | ||
| 653 | |a Colonización del río de la plata | ||
| 653 | |a Misiones jesuíticas | ||
| 653 | |a Siglo xviii antes del virreinato | ||
| 653 | |a Virreinato /1776-1810) | ||
| 653 | |a Revolución de mayo | ||
| 653 | |a Campaña de san martin a chile | ||
| 653 | |a Experiencia federal | ||
| 653 | |a San martin, rivadavia y federalismo. | ||
| 859 | |a CEMS |b BIB. CEMS - Agricultura |h 982.06 |i D634 |p A2918.17 |t Ej.1 | ||
